| 000 | 00590nam a2200217I 4500 | ||
|---|---|---|---|
| 999 |
_c2853 _d2853 |
||
| 001 | 2852370 | ||
| 003 | OSt | ||
| 005 | 20181018230740.0 | ||
| 008 | 770331s1950 xx 000 0 eng | ||
| 010 | _a50009989 | ||
| 040 |
_aDLC _cDMM _dCDC |
||
| 082 |
_a268.6 _bC147T |
||
| 092 |
_a268.3 _bC147 |
||
| 100 | 1 |
_aCaldwell, Irene Catherine Smith, _d1919- |
|
| 245 | 1 | 0 | _aTeaching that makes a difference |
| 260 |
_aAnderson, Ind., _bWarner Press _c[1950] |
||
| 300 |
_a111 p. _c19 cm |
||
| 504 | _aIncludes bibliographies | ||
| 650 | 0 |
_aChristian education _xTeaching methods |
|
| 942 |
_2ddc _cBK |
||